[Event "Victoria Grand Pacific op 17th"]
[Site "Victoria"]
[Date "2024.03.31"]
[Round "5"]
[White "Qu, Leo"]
[Black "Albitar, Hani1"]
[Result "1-0"]
[WhiteElo "2213"]
[BlackElo "2123"]
[PlyCount "77"]
[EventDate "2024.03.29"]
[EventType "swiss"]
[EventRounds "6"]
[EventCountry "CAN"]
[SourceTitle "CB16_2024"]
[SourceDate "2024.04.17"]
[SourceVersion "1"]
[SourceVersionDate "2024.04.17"]
[SourceQuality "1"]

1. d4 Nf6 2. Nc3 d5 3. Bf4 a6 4. e3 Bf5 5. Nf3 e6 6. Ne5 Nbd7 7. g4 Nxe5 8. gxf5 Nc6 9. fxe6 fxe6 10. Bh3 Qd7 11. a3 0-0-0 12. Qd3 Qf7 13. 0-0-0 Kb8 14. Kb1 Bd6 15. Bg3 e5 16. Bg2 e4 17. Qe2 Na5 18. f3 Bxg3 19. hxg3 Qg6 20. fxe4 Nxe4 21. Nxe4 dxe4 22. g4 Rhe8 23. Rh5 Nc6 24. Rf1 h6 25. Rf4 Rd7 26. Rhf5 Rde7 27. Bf1 Na7 28. Qg2 Nc8 29. c4 Nd6 30. Rf8 Rxf8 31. Rxf8+ Re8 32. Rf4 Qe6 33. c5 Nf7 34. Qc2 Ng5 35. Bc4 Qe7 36. Ka2 c6 37. Qb3 Ka8 38. Rf5 Nf3 39. Rf7 1-0

[Event "CAN-ch U10"]
[Site "Ottawa"]
[Date "2013.07.12"]
[Round "5"]
[White "Vettese, Nicholas"]
[Black "Qu, Leo"]
[Result "1-0"]
[WhiteElo "1434"]
[BlackElo "942"]
[PlyCount "93"]
[EventDate "2013.07.10"]
[EventType "swiss"]
[EventRounds "6"]
[EventCountry "CAN"]
[SourceTitle "EXT 2022"]
[Source "ChessBase"]
[SourceDate "2021.10.06"]
[SourceVersion "1"]
[SourceVersionDate "2021.10.06"]
[SourceQuality "1"]

1. e4 c5 2. Nf3 d6 3. d4 cxd4 4. Nxd4 Nf6 5. Nc3 g6 6. f3 Nc6 7. Be3 Bg7 8. Qd2 Nxd4 9. Bxd4 0-0 10. 0-0-0 b6 11. g4 e5 12. Be3 Re8 13. Qxd6 Qxd6 14. Rxd6 Be6 15. Bb5 Red8 16. Rhd1 Rxd6 17. Rxd6 Bf8 18. Rd3 a6 19. Bc6 Rb8 20. Nd5 Bxd5 21. Bxd5 Bc5 22. Bxc5 bxc5 23. Bc4 Ra8 24. Rd6 Kg7 25. Rxa6 Rxa6 26. Bxa6 Nd7 27. Bb5 Nb6 28. a4 Kf8 29. a5 Nc8 30. c3 Nd6 31. Bd3 Ke7 32. b4 cxb4 33. cxb4 Kd7 34. Kc2 Kc6 35. Kc3 g5 36. Kb3 f6 37. Kc3 Nc8 38. Bc4 h6 39. Kb3 Kb7 40. b5 Ka7 41. Kb4 Nd6 42. Kc5 Nb7+ 43. Kb4 Nd6 44. Bd5 Kb8 45. Kc5 Nc8 46. Be6 Na7 47. b6 1-0